| 000 | 00844cab a2200265 4500 | ||
|---|---|---|---|
| 001 | WB2743-12 | ||
| 008 | 090401t1991 xxu||||| |||| 00| 0 eng d | ||
| 035 | _a(Sirsi) u34004 | ||
| 041 | _aeng | ||
| 245 | _aBarclays threatened by property slump | ||
| 260 | _c1991 | ||
| 350 | _a0 | ||
| 490 |
_aDaily Telegraph _v5 November 1991, 22(1) |
||
| 520 | _aAmerican investment bank, Salomon Brothers, claims that Barclays could suffer severely from another slump in the commercial property market, having lent £8.5m to the property sector. | ||
| 650 | _aBANKS | ||
| 650 | _aBARCLAYS BANK | ||
| 650 | _aPROPERTY-COMMERCIAL PROPERTY | ||
| 650 | _aLENDING | ||
| 650 | _aPROPERTY MARKET | ||
| 650 | _aRECESSION | ||
| 650 | _aSALOMON BROTHERS | ||
| 690 | _aPROPERTY-PROPERTY FINANCE AND INVESTMENT | ||
| 942 | _n0 | ||
| 948 | _c04/03/1997 | ||
| 999 |
_c22585 _d22585 |
||